Růst a motorická výkonnost předškolních dětí v roce 2010 a v generačním posunu /

Hlavní autor: Dvořáková, Hana, 1950-
Další autoři: Kopřivová, Vendula, 1982-
Jazyk: Čeština
Vydáno: Praha : Univerzita Karlova v Praze, Pedagogická fakulta, 2014
Témata:
Fyzický popis: 81 s. ; 21 cm
Language note: České a anglické resumé
Knihy
Uloženo v:
LEADER 01919nam a2200541 a 4500
001 nkc20142592490
003 CZ PrNK
005 20190527204225.0
007 ta
008 140605s2014 xr a f 000 0 cze
015 |a cnb002592490 
020 |a 978-80-7290-775-5  |q (brož.) 
035 |a (OCoLC)883373436 
040 |a ABA001  |b cze 
041 0 |a cze  |b cze  |b eng 
043 |a e-xr--- 
045 |a y1y1 
072 7 |a 572  |x Fyzická antropologie  |2 Konspekt  |9 1 
080 |a 316.346.32-053.4  |2 MRF 
080 |a 612.65  |2 MRF 
080 |a 612.76  |2 MRF 
080 |a 572.087  |2 MRF 
080 |a (437.3)  |2 MRF 
080 |a (048.8)  |2 MRF 
100 1 |a Dvořáková, Hana,  |d 1950-  |7 jn19981000896  |4 aut 
245 1 0 |a Růst a motorická výkonnost předškolních dětí v roce 2010 a v generačním posunu /  |c Hana Dvořáková, Vendula Baboučková 
260 |a Praha :  |b Univerzita Karlova v Praze, Pedagogická fakulta,  |c 2014 
300 |a 81 s. ;  |c 21 cm 
504 |a Obsahuje bibliografii a bibliografické odkazy 
546 |a České a anglické resumé 
648 7 |a 2010  |7 ch967319  |2 czenas 
648 7 |a 2001-2010  |7 ch460588  |2 czenas 
650 0 7 |a děti předškolního věku  |7 ph119710  |2 czenas 
650 0 7 |a fyzický růst člověka  |7 ph138069  |2 czenas 
650 0 7 |a motorické schopnosti  |7 ph134912  |2 czenas 
650 0 7 |a antropometrie  |7 ph118532  |z Česko  |y 2001-2010  |2 czenas 
650 0 9 |a preschool children  |2 eczenas 
650 0 9 |a human growth  |2 eczenas 
650 0 9 |a motor abilities  |2 eczenas 
650 0 9 |a anthropometry  |z Czechia  |y 2001-2010  |2 eczenas 
655 7 |a monografie  |7 fd132842  |2 czenas 
655 9 |a monographs  |2 eczenas 
700 1 |a Kopřivová, Vendula,  |d 1982-  |7 jcu2012696261  |4 aut 
910 2 |a BOA001  |b 2-1326.198 
990 |a BK 
995 |a 01 
991 |b 201407  |c NOV  |e n 
996 6 |b 2610595359  |c 2-1326.198  |l MZK  |r Sklad / do 1 hodiny  |n 8  |p p.v.  |w 001429649  |u 000010  |a 1  |e BOA001  |j MZK50  |s P